| 000 | 01537nam a22002537a 4500 | ||
|---|---|---|---|
| 001 | 6482 | ||
| 003 | FISKH | ||
| 005 | 20250512144719.0 | ||
| 008 | 250506b cb ||||| |||| 00| 0 eng d | ||
| 040 |
_aFISKH _bkhr _cFISKH _dFISKH |
||
| 050 | _aPZ7 | ||
| 082 | _a200 | ||
| 100 | _aSovi, Ly | ||
| 245 |
_aប្រពៃណីអាពាហ៏ពិពាហ៏ខ្មែរកំពុងមានវិបល្លាស / _cលី សុវីរ |
||
| 250 | _aបោះពុម្ពលើកទី២ | ||
| 260 |
_aភ្នំពេញ : _c2007 . |
||
| 300 |
_a76 pages : _billustrations ; _c21 cm . |
||
| 520 | _aសៀវភៅនេះបានផ្តល់ឱ្យអ្នកអាននូវទិដ្ឋភាពច្បាស់លាស់អំពីការប្រែប្រួលនៃពិធីអាពាហ៍ពិពាហ៍ខ្មែរ និងបញ្ហាផ្សេងៗដែលទាក់ទង ដើម្បីជួយរក្សាទុក និងអភិវឌ្ឍប្រពៃណីវប្បធម៌ខ្មែរនៅក្នុងសង្គមសម័យបច្ចុប្បន្ន។ | ||
| 520 | _aThis book offers readers a clear perspective on the evolving nature of Khmer wedding traditions and the associated challenges, encouraging efforts to preserve and adapt cultural practices within contemporary society. | ||
| 650 | _aអាពាហ៏ពិពាហ៏ | ||
| 650 | _aWedding | ||
| 942 |
_2ddc _cKHB _n0 |
||
| 999 |
_c6482 _d6482 |
||